000 00469nam a2200169Ia 4500
005 20250923144525.0
008 008 250917s9999 xx 000 0 eng d
037 _aTextual
040 _aDSWL
_beng
_cDSWL
041 _aeng
_2eng
084 _aYX;5-B-26;8, N55
_qDSWL
245 0 _aAdministration supervision & consultation
_cby Administation
260 _c1953
300 _a114p.
942 _cTEXL
_hYX;5-B-26;8, N55
999 _c1440008
_d1440008